|
|
|
|
| LEADER |
00843nam a22002537a 4500 |
| 001 |
BD-DhAA |
| 003 |
BD-DhAAL |
| 005 |
20160428115208.0 |
| 008 |
160428s 1995naua|||| |||| 001 0 eng d |
| 020 |
|
|
|a 0273611828
|
| 040 |
|
|
|a BD-DhAA
|c BD-DhAA
|
| 082 |
|
|
|a 153.4/3
|
| 100 |
|
|
|a Cox, Geof
|9 19333
|
| 245 |
|
|
|a A practical guide to solving business problems /
|c Geof Cox
|
| 260 |
|
|
|a London :
|b Pittman Pub.,
|c 1995.
|
| 300 |
|
|
|a ix, 214 p. :
|b ill. ;
|c 24 cm
|
| 500 |
|
|
|a Includes index
|
| 541 |
|
|
|e 2606
|
| 650 |
|
|
|a Problem solving.
|9 19334
|
| 650 |
|
|
|a Creative thinking.
|9 19335
|
| 852 |
|
|
|a Savar Campus Library
|c General Shelf
|
| 942 |
|
|
|2 ddc
|c BK
|
| 999 |
|
|
|c 37500
|d 37500
|
| 952 |
|
|
|0 0
|1 0
|2 ddc
|4 0
|6 153_400000000000000_3_COX
|7 0
|9 58879
|a SCL
|b SCL
|c GEN
|d 2016-04-28
|l 1
|m 6
|o 153.43 COX
|p 3020002606
|r 2017-03-05
|s 2017-01-12
|t 1
|w 2016-04-28
|y BK
|